000
00222 a2200097 4500
001
19995
100
_a
Hussain, J T
245
_a
Fundamentals of physics (Vol-II)
260
_a
_b
Qaum Kutub Khana
_c
090
_c
14594
_d
14594
942
_a
NUST-CAE
_c
M
_c
5107
999
_c
255068
_d
255068